01011nam a2200241 a 450000100100000000500170001000800410002704000250006808200200009310000300011324500930014326000360023630000310027250400290030359000260033265000270035865000310038570000580041691000370047495201180051195201230062999900170075200001742820250204073952.0100324s1994 dr a 001 f spa d aDO-SdBNPbspacBNPHU aRD863.44bN397g1 aNei Nava, Víctor93811213aEl guerrero elegido de Dios /cVíctor Nei Nava ; prólogo Mariano Lebrón saviñon. aSanto Domingo :bPaloma,c1994. aix,124 p. :bil. ;c21 cm. aBibliografía : p. 124. aInventariado, 2020/BT 0aNovela dominicana9223 0aLiteratura dominicana.9671 aLebrón Saviñon, Marianod1922-2014epról.97227 aValidado. Control de calidad EMS 0010718PDaPDbPDcHDd2010-03-24iLF1l0oRD863.44 N397gp17428-10r2020-06-25w2020-06-25yLFPDZNo se presta 0010718PDaPDbPDcHDd2010-03-24iLF1l0oRD863.44 N397gp17428-20r2020-06-25te.2w2020-06-25yLFPDZNo se presta c16953d16953